Malé a stredné podniky a ich podiel na odstraňovaní medziregionálnych disparít
Najcitlivejšie indikátory dokumentujúce regionálny vývoj na Slovensku. Problematika vývoja a riešenia hospodársky najslabších regiónov Slovenska. Dôvody podpory regionálneho rozvoja na Slovensku. Finančné zabezpečenie podpory regionálneho rozvoja. Desať regiónov v členských krajinách EÚ s najvyšším...
Enregistré dans:
| Auteur principal: | |
|---|---|
| Autres auteurs: | |
| Format: | Chapitre de livre |
| Langue: | slovaque |
| Sujets: | |
| Tags: |
Pas de tags, Soyez le premier à ajouter un tag!
|
MARC
| LEADER | 00000naa$a2200000$$$4500 | ||
|---|---|---|---|
| 001 | 0038576 | ||
| 005 | 20240502071501.0 | ||
| 041 | 0 | |a slo | |
| 044 | |a SK | ||
| 245 | 1 | 0 | |a Malé a stredné podniky a ich podiel na odstraňovaní medziregionálnych disparít |c Monika Bačová, Radoslav Tušan |
| 520 | |a Najcitlivejšie indikátory dokumentujúce regionálny vývoj na Slovensku. Problematika vývoja a riešenia hospodársky najslabších regiónov Slovenska. Dôvody podpory regionálneho rozvoja na Slovensku. Finančné zabezpečenie podpory regionálneho rozvoja. Desať regiónov v členských krajinách EÚ s najvyšším a najnižším HDP na obyvateľa podľa Eurostatu, rok 2002. Strategické priemyselné parky. Hodnotenie poznatkov z pôsobenia priemyselných parkov. Optimalizácia a lokácia siete živnostníkov a remesiel v obciach/mestách a regiónoch. | ||
| 610 | 2 | 0 | |a podnik malý |
| 610 | 2 | 0 | |a podnik stredný |
| 610 | 2 | 0 | |a podnikanie |
| 610 | 2 | 0 | |a disparita |
| 610 | 2 | 0 | |a diferenciácia regionálna |
| 610 | 2 | 0 | |a rozvoj regionálny |
| 610 | 2 | 0 | |a Slovensko |
| 610 | 2 | 0 | |a Európska únia |
| 610 | 2 | 0 | |a programy rozvojové |
| 610 | 2 | 0 | |a parky priemyselné |
| 610 | 2 | 0 | |a živnostníci |
| 100 | 1 | |a Bačová, Monika | |
| 700 | 1 | |a Tušan, Radoslav | |